000 nam a22 a 4500
999 _c346814
_d346814
003 BLK
005 20221216182807.0
008 191127b bu ||||| |||| 00| 0 bu d
020 _a9789542711285
040 _aBLK
041 _aBUL
_cBUL
080 _aЗанимания в предучилищна възраст
_b372.3
_z372.3
139 _aСкоро на училище 1
_bС 40
245 _aСкоро на училище 1
250 _a1. допеч.
260 _9209434
_aСофия
_bЕгмонт България
_c2015
300 _a16 с.
_bс ил.
_c28 см
380 _aDN
490 _9208147
_aМаша и мечока
_v1
942 _cKNG
_n0
_s1
_02
944 _aCR
_c2019-11-27
_kВ.Р.
999 _d346814
999 _d346814
999 _d346814
999 _d346814